| 000 | 01957nam0a2200349 4500 | ||
|---|---|---|---|
| 001 | RU\NLR\bibl\1664743 | ||
| 005 | 20241119184401.0 | ||
| 020 |
_aRU _b00-5631 _9Летопись авторефератов диссертаций |
||
| 021 |
_aRU _b2010-5466а _9219аа |
||
| 035 | _a(NLR Aleph) 001656021 | ||
| 090 |
_a951741 _c951741 |
||
| 100 | _a20100412d2009 u u0rusy50 ca | ||
| 101 | 0 | _arus | |
| 102 | _aRU | ||
| 105 | _aa dm ||||| | ||
| 200 | 1 |
_aМониторинг биоразнообразия горных ландшафтов средствами геоинформационных технологий _e(на примере Тебердинского государственноного природного биосферного заповедника) _eавтореферат диссертации на соискание ученой степени к. г. н. _eспециальность 25.00.23 <Физическая география и биогеография, география почв и геохимия ландшафтов> _fЛагун Станислав Геннадьевич _g[Ставроп. гос. ун-т] |
|
| 210 |
_aСтаврополь _d2009 |
||
| 215 |
_a17 с. _cил. _d21 |
||
| 320 | _aБиблиогр.: с. 17 (7 назв.) | ||
| 610 | 0 | _aТебердинский природ. биосфер. заповедник, Карачаево-Черкесия, геогр. науки | |
| 675 |
_a911 _v3 _zrus |
||
| 686 |
_a39.19 _2rugasnti |
||
| 686 |
_a26.8 _2rubbk |
||
| 686 |
_a25.00.23 _2oksvnk |
||
| 700 | 1 |
_aЛагун _bС. Г. _gСтанислав Геннадьевич _4070 |
|
| 801 | 0 |
_aRU _bRKP _c20100412 _gPSBO |
|
| 801 | 1 |
_aRU _bRKP _c20100412 |
|
| 801 | 2 |
_aRU _bNLR _c20100817 _grcr |
|
| 901 | _eАвторефераты | ||
| 942 | _cBOOK | ||
| 981 | 1 | 0 | _a(10) Авторефераты |